Fr. Conceicao Rodrigues College of Engineering

Software defined networking with open flow (Record no. 26100)

MARC details
000 -LEADER
fixed length control field 00349nam a2200169Ia 4500
082 ## - DEWEY DECIMAL CLASSIFICATION NUMBER
Item number AZO
100 ## - MAIN ENTRY--PERSONAL NAME
Personal name Azodolmolky/Siamak
245 ## - TITLE STATEMENT
Title Software defined networking with open flow
260 ## - PUBLICATION, DISTRIBUTION, ETC.
Name of publisher, distributor, etc. PACKT
Date of publication, distribution, etc. 2013
366 ## - TRADE AVAILABILITY INFORMATION
Publishers's discount category 20
300 ## - PHYSICAL DESCRIPTION
Extent 138
546 ## - LANGUAGE NOTE
Language note ENGLISH
650 ## - SUBJECT ADDED ENTRY--TOPICAL TERM
Topical term or geographic name entry element Software
654 ## - SUBJECT ADDED ENTRY--FACETED TOPICAL TERMS
Focus term open flow
942 ## - ADDED ENTRY ELEMENTS (KOHA)
Koha item type Reference Book
Holdings
Withdrawn status Lost status Damaged status Not for loan Collection Home library Current library Date acquired Source of acquisition Cost, normal purchase price Inventory number Total Checkouts Full call number Barcode Date last seen Cost, replacement price Price effective from Koha item type
        CRC Fr. Agnel's C.Rodrigues College of Engineering Fr. Agnel's C.Rodrigues College of Engineering 17/03/2023 Shroff Publishers 2239.20 01017 dt 05.07.2019   AZO 25656 17/03/2023 2799.00   Reference Book